000 00746nam a2200241Ia 4500
003 OSt
005 20220923212533.0
006 a|||||r|||| 00| 0
007 ta
008 220922b |||||||| |||| 00| 0 hin d
024 _a153,902
037 _cTextual
040 _aARTS
_cARTS
_bhin
041 _2hin
_ahin
082 _aO152:gN, J2
100 _aश्रीकृष्णलाल
245 0 _aआधुनिक हिन्दी साहित्य का विकास
246 _aĀdhunik hindī sāhitya kā vikāsa
260 _c1952
650 _aहिन्दी साहित्य
_9156264
942 _hO152:gN, J2
_cTEXL
_2CC
999 _c309530
_d309530